00523nam a22001697a 450000500170000001000150001702000110003203500140004303700130005708200120007010000220008224500950010426000550019927000590025430000210031370000190033420170824123443.0 aENG-120064 c200.00 aEN-103596 bDBAD/PUB a954.084 aMukherjee,Haridas aSri Aurobindo's political thought:cby Hari Das Mukherjee [and] Uma Mukherjeeb1893-1908 / aKolkata bThe National council of education c2015 a188,Raja Subodh Mullick RoadbKolkata (Bengal)e700040 a235p.c23cm(pbk) a Mukherjee,Uma